banner koha

Conceitos e tecnicas do manejo integrado de pragas e doencas das culturas (Registro n. 290307)

MARC details
000 -LÍDER
campo de controle de tamanho fixo 01196nac a22003737a 4500
001 - NÚMERO DE CONTROLE
campo de controle BR0001248
003 - IDENTIFICADOR DO NÚMERO DE CONTROLE
campo de controle BR-BrBNA
005 - DATA E HORÁRIO DA ÚLTIMA TRANSAÇÃO
campo de controle 20240105122313.0
008 - CAMPO DE DADOS FIXOS--INFORMAÇÃO GERAL
campo de controle de tamanho fixo 230509b bl.|||m| |||| 00| 0 por d
040 ## - FONTE DA CATALOGAÇÃO
Instituição da catalogação original BR-BrBNA
Idioma da catalogação por
Instituição que transcreveu o registro Biblioteca Nacional de Agricultura
072 ## - CÓDIGO DE CATEGORIA DE ASSUNTO
Código de Categoria de Assunto H10; H20
090 ## - NÚMERO DE CHAMADA LOCAL
Número de chamada 4010 BR0001248
100 1# - ENTRADA PRINCIPAL--NOME PESSOAL
Nome pessoal Batista Filho, A.
100 1# - ENTRADA PRINCIPAL--NOME PESSOAL
Nome pessoal Barros, B. de C.
100 1# - ENTRADA PRINCIPAL--NOME PESSOAL
Nome pessoal Costa, V.A.
100 1# - ENTRADA PRINCIPAL--NOME PESSOAL
Nome pessoal Patricio, F.R.A.
100 1# - ENTRADA PRINCIPAL--NOME PESSOAL
Nome pessoal Oliveira, S.H.F. de
100 1# - ENTRADA PRINCIPAL--NOME PESSOAL
Nome pessoal Oliveita, C.M.G. de
100 1# - ENTRADA PRINCIPAL--NOME PESSOAL
Nome pessoal Raga, A.
100 1# - ENTRADA PRINCIPAL--NOME PESSOAL
Nome pessoal Ramiro, Z.A.
110 1# - ENTRADA PRINCIPAL--NOME CORPORATIVO
Nome corporativo ou nome da jurisdição Coordenadoria de Assistencia Tecnica Integral, Campinas, SP (Brasil)
245 1# - TÍTULO
Título Conceitos e tecnicas do manejo integrado de pragas e doencas das culturas
260 3# - PUBLICAÇÃO, DISTRIBUIÇÃO, ETC.
Local de publicação, distribuição, etc. Campinas, SP (Brasil):
Data da publicação, distribuição, etc. 1999.
300 ## - DESCRIÇÃO FÍSICA
Extensão 40 p.
490 ## - TÍTULO DA SÉRIE
Título da série Manual Tecnico. Serie Especial - Coordenadoria de Assistencia Tecnica Integral (Brazil)
Número do volume ou designação sequencial da série v. 1
ISSN - International Standard Serial Number
500 ## - NOTA GERAL
Nota geral 22 ref.; 19 illus.
650 ## - ASSUNTO--TERMO TÓPICO
Cabeçalho tópico ou nome geográfico Praga de Planta
650 ## - ASSUNTO--TERMO TÓPICO
Cabeçalho tópico ou nome geográfico Doenca de Planta
650 ## - ASSUNTO--TERMO TÓPICO
Cabeçalho tópico ou nome geográfico Controle Integrado
650 ## - ASSUNTO--TERMO TÓPICO
Cabeçalho tópico ou nome geográfico Controle Biologico
650 ## - ASSUNTO--TERMO TÓPICO
Cabeçalho tópico ou nome geográfico Controle Fisico
909 ## -
-- 202312
-- Lúcia Elande
-- 55
-- Lúcia Elande
942 ## - ELEMENTOS DE ENTRADA ADICIONADOS (KOHA)
Fonte da classificação ou esquema de arquivamento na estante Classificação AGRIS
Ocultar no OPAC Não
Tipo de material Koha Monografia Seriada
Exemplares
Situação do descarte Fonte da classificação ou esquema de arquivamento na estante Situação física Não pode ser emprestado Coleção Biblioteca de origem Biblioteca atual Localização na estante Total de empréstimos Número de telefone completo Código de barras Data de último acesso Tipo de material Koha Fonte de aquisição
  Classificação AGRIS       Biblioteca Nacional de Agricultura - Binagri Biblioteca Nacional de Agricultura - Binagri Agrobase - Acervo Geral   4010 BR0001248 4010 BR0001248 18/12/2023 Monografia Seriada Portaria Interministerial nº 164/94

BINAGRI

Telefone: (61)3218-2567/2388/3357/2097 - binagri@agro.gov.br

Ministério da Agricultura e Pecuária , Esplanada dos Ministérios, Bloco D, Anexo B, Brasília/DF, CEP: 70.043-900